|
|
แสดงรายละเอียดบรรณานุกรม |
|
|
Brief Record
: Get Marc (ISO 2709)
: E-mail record
: |
|
|
| LEADER 00000nama 2200000uu 4500 | |||
| 008 040531s|||| th m m a000 0 tha d | |||
| 020 1-929007-17-5 | |||
| 041 eng | |||
| 050 QS17 N474A 2003 | |||
| 100 Netter,Frank H. | |||
| 245 Atlas of Human Anatomy / By Frank H. Netter ; John T. Hansen,consulting editor. | |||
| 250 3rd ed. | |||
| 260 Teter boro,N.J. Icon Learning systems. c 2003. | |||
| 300 542 p. of plates,[53] p. | |||
| 600 l. Hansan, John T. | |||
| 650 1. Anatomy--atlases. | |||
| 995 001 | |||
| คุณยังไม่ได้ล็อกอิน คุณสามารถมีกิจกรรมร่วมกับเว็บไซต์ได้ แต่ต้องล็อกอินก่อน :: |
|
| สถานะ | |||||||||
| 1. | หนังสือทั่วไป | QS17 N474A 2003 | On Shelf ขอยืม | ||||||
| 2. | หนังสือทั่วไป | QS17 N474A 2003 | On Shelf ขอยืม | ||||||
| [แสดง 2/2 รายการ] | |||||||||
| รายการใกล้เคียง หัวเรื่อง [1. Anatomy--atlases.] |
BibComment |
| คอมเมนท์ทรัพยากรรายการนี้ |
|
|